| 000 | 00658nam a22001577a 4500 | ||
|---|---|---|---|
| 003 | OSt | ||
| 005 | 20210203141657.0 | ||
| 008 | 151006b xxu||||| |||| 00| 0 eng d | ||
| 040 | _cRUA | ||
| 082 | _aAV CHE 1997 B070 Or.1 | ||
| 100 |
_92166 _aCHEACH, MONYDA. |
||
| 245 | _aEpidemiology and control of fasciolosis cattle in kien svay district, kandal province, ការរាតត្បាត និង វិធានការការណារជំងឺ"ហ្វាសៅឡាគៅ នៅស្រុកកៀនស្វាយ ខេត្តកណ្តាល. | ||
| 260 |
_aphnom phen _bRUA _c1997 |
||
| 300 |
_a48p. _bill. _c29cm. |
||
| 942 |
_2ddc _cAVM |
||
| 999 |
_c2038 _d2038 |
||